000 00282nam a2200097Ia 4500
082 _a649.33 WEST
245 0 _aThe breastfeeding mother's guide to making more milk
100 _a WEST, Diana New York, 2009
_970045
942 _cBK
008 210817s9999 xx 000 0 und d
999 _c226719
_d226719